Osviežujúce a light nápoje viete, čo pijú vaši zákazníci ?
Stály záujem spotrebiteľov o osviežujúce riedené nápoje. Ovocné šťavy. Prispôsobenie ponuky nápojov spotrebiteľom. Umiestnenie nápojového sortimentu v predajni. Výhody nápojov balených v kartónových škatuliach. Minerálky.
Gespeichert in:
| 1. Verfasser: | |
|---|---|
| Format: | Buch |
| Sprache: | Slowakisch |
| Schlagworte: | |
| Tags: |
Keine Tags, Fügen Sie das erste Tag hinzu!
|
MARC
| LEADER | 00000nam a2200000 4500 | ||
|---|---|---|---|
| 001 | r031585 | ||
| 005 | 20230626065429.4 | ||
| 041 | 0 | |a slo | |
| 044 | |a SK | ||
| 245 | 1 | 0 | |a Osviežujúce a light nápoje |b viete, čo pijú vaši zákazníci ? |c Eva Zajacová |
| 520 | |a Stály záujem spotrebiteľov o osviežujúce riedené nápoje. Ovocné šťavy. Prispôsobenie ponuky nápojov spotrebiteľom. Umiestnenie nápojového sortimentu v predajni. Výhody nápojov balených v kartónových škatuliach. Minerálky. | ||
| 610 | 2 | 0 | |a nápoje nealkoholické |
| 610 | 2 | 0 | |a potraviny |
| 610 | 2 | 0 | |a voda minerálna |
| 610 | 2 | 0 | |a ovocie |
| 610 | 2 | 0 | |a predajne |
| 610 | 2 | 0 | |a marketing |
| 610 | 2 | 0 | |a preferencie spotrebiteľské |
| 100 | 1 | |a Zajacová, Eva | |